01102cam a22002534a 4500020001800000020001500018040000800033082002600041245015400067246003300221260008200254300003200336650002300368650001800391650001300409700001900422700002400441700001800465710006200483942001000545999001700555952013800572952013800710 a9789291150038 a9291150037 cDLC a333 ICI 2006 C074 Or.10aCapitalisation and sharing of experiences on the interaction between forest policies and land use patterns in Asia :blinking people with resources /17aICIMOD partnership platforms aKathmandu :bInternational Centre for Integrated Mountain Development,c2006. a2 v. :bcol. ill. ;c26 cm. 0aCommunity forestry 0aForest policy 0aLand use0 aPema Gyamtsho.1 aSingh, Bijay Kumar.1 aRasul, Golam.2 aInternational Centre for Integrated Mountain Development. cAEDBB c22560d22560 0010406333_000000000000000_ICI_2006_C074_OR70997023aLBCbLBCcC074d2024-01-15o333 ICI 2006 C074 Or.pa39477r2024-01-15yAEDBB 0010406333_000000000000000_ICI_2006_C074_OR70997024aLBCbLBCcC074d2024-01-15o333 ICI 2006 C074 Or.pa39552r2024-01-15yAEDBB